NBA Players, Name To Face (Medium) - Statistics

General Stats
  • This quiz has been taken 106 times
  • The average score is 8 of 12
Answer Stats
Picture Answer % Correct
Jordan Clarkson
86%
Nicolas Batum
83%
RJ Barrett
82%
Mo Bamba
80%
Tim Hardaway Jr.
78%
Miles Bridges
76%
Jose Alvarado
72%
Clint Capela
65%
Christian Braun
63%
Anthony Black
61%
Isaiah Joe
32%
Ayo Dosunmu
30%
No matching quizzes found
Score Distribution
Percent of People with Each Score
Percentile by Number Answered
Your Score History
You have not taken this quiz